Noms des skins Fortnite par image - Click Quiz - Statistiques

Statistiques générales
  • Ce quiz a été pris 1 185 fois
  • Le résultat moyen est 11 sur 20
Statistiques - réponses
Hint Réponse % Correct
Poiscaille
93%
Ice Spice
88%
Écumeuse renegate
85%
Veinarde
82%
Agent d'élite
75%
Agent du chaos
73%
Pantin
70%
Crystal
68%
Dynamo
68%
Onze
62%
Socière surfeuse
56%
Reine des bosses
53%
Rétroaction
47%
Hope
39%
Hana
33%
Nisha
31%
Traceuse de route
31%
Serenade
29%
PJ
23%
Alto du crépuscule
19%
Aucun quiz correspondant
Distribution des résultats
% des personnes avec chaque résultat
Percentile par nombre de réponses
Votre historique - résultats
Vous n’avez pas pris ce quiz